000 01853nam a22002777a 4500
003 Uzh_bibl
008 260417b |||||||| |||| 00| 0 ukr d
020 _a978-966-02-6814-2
_c47.00
040 _bукр.
041 _2ukr
_aukr
080 _a030(477)
090 _a030(477)
_bЕ64
100 _a-
245 _aЕнциклопедія Сучасної України
_bТ. 13: Киї - Кок.
_cкорект. Т.Берзюк, І.Журило та ін; іл. Р.Кацалам; обкл. В.Єрмак. та ін.
_hТекст
260 _aКиїв
_bТОВ "Твори"
_c2013
300 _a711 с.
_bіл.
_fВ опр.
490 _vТом 13
520 _aЕнциклопедія Сучасної України - перше багатотомне видання про Україну всіх вимірах від початку 20 століття до сьогодення. Енциклопедія подає цілісний образ новітньої України в подіях, інституціях, установах, родах діяльності, поняттях, особах. Охоплює всі сфери життя в Україна, відображає сучасні погляди на історичні події та постаті. У тринадцятому томі подано 3032 статей, 2828 чорно-білих та 364 кольорових ілюстрацій, 13 карт і 3 схеми.
521 _aДля широкого кола читачів
546 _aукр.
650 _aДовідкове видання
653 _aЕнциклопедія.
_aУкраїна
655 _aНауково-популярне видання
_vЕнциклопедія
700 _aІ.Дзюба, А.Жуковський, М.Железняк та ін.
942 _2udc
_cBK
999 _c17384
_d17384